000 00348nam a2200157Ia 4500
100 _aRamamurti/V
650 _aMachine Design
942 _cBK
366 _f20
245 _aFinite element method in Machine Design
260 _bNarosa Publication House
_c2009
082 _a620.0015
_bRAM
300 _a178
546 _aENGLISH
999 _c28731
_d28731